• 首页
  • 本馆介绍
  • 公告通知
  • 最新文献
  • 馆藏检索
  • 电子资源
  • 读者导购
  • 参考咨询
  • 我的图书馆
  • 登录
  • 详细信息显示
  • 放入我的书架
  • 预约/预借图书
  • 作者相关作品
  • 分类相关作品
  • 丛书相关作品
  • 出版社相关作品

书目信息

  • 表格格式
  • 工作单格式
  • 卡片格式
题名:
基础审计习题集
    
 
作者: 蒋武 主编
分册:  
出版信息: 北京   高等教育出版社  2004
页数: 146页
开本: 26cm
丛书名:
单 册:
中图分类: F239.0-44
科图分类:
主题词: 审计学--高等教育--习题
电子资源:
ISBN: 978-7-04-014719-3
000 00793n|m0 2200241 450-
001 0102547822
005 20121109170000.0
010    @a978-7-04-014719-3@dCNY12.80
100    @a20040521d2004 em y0chiy0120 ea
101 0  @achi
102    @aCN@b110000
105    @ay q 000yy
135    @adrbn ---auuuu
200 1  @a基础审计习题集@9Ji Chu Shen Ji Xi Ti Ji @f蒋武主编@b电子资源.图书
210    @a北京@c高等教育出版社@d2004
215    @a146页@d26cm
325    @a电子复制品
330    @a本书包括了《基础审计》的基本内容,每章基本按照名词解释、判断、填空、单项选择、多向选择、简答、案例分析等七种题型设置。
606 0  @a审计学@x高等教育@x习题
690    @aF239.0-44@v4
701  0 @a蒋武@f(1938~)@4主编@9jiang wu
801  0 @aCN@bAZmarc@c20230903
905    @dF239@e179@f29@sF239/179@aBZT
    
    基础审计习题集/蒋武主编[电子资源.图书].-北京:高等教育出版社,2004
    146页;26cm
    
    
    ISBN 978-7-04-014719-3:CNY12.80
    本书包括了《基础审计》的基本内容,每章基本按照名词解释、判断、填空、单项选择、多向选择、简答、案例分析等七种题型设置。
●
相关链接 在五车中查询图书 在当当中查询图书 在豆瓣中查询图书


正题名:基础审计习题集     索取号:F239/179         预约/预借

序号 登录号 条形码 馆藏地/架位号 状态 备注
1 2000007206   2000007206   旧书回溯/ [索取号:F239/179] 在馆    
2 2000007207   2000007207   旧书回溯/ [索取号:F239/179] 在馆    
3 2000007208   2000007208   旧书回溯/ [索取号:F239/179] 在馆    
4 2000007209   2000007209   旧书回溯/ [索取号:F239/179] 在馆    
5 2000007210   2000007210   旧书回溯/ [索取号:F239/179] 在馆    
6 2000007211   2000007211   旧书回溯/ [索取号:F239/179] 在馆    
7 2000007212   2000007212   旧书回溯/ [索取号:F239/179] 在馆    
8 2000007213   2000007213   旧书回溯/ [索取号:F239/179] 在馆    
9 2000007214   2000007214   旧书回溯/ [索取号:F239/179] 在馆    
10 2000007215   2000007215   旧书回溯/ [索取号:F239/179] 在馆    
11 2000007216   2000007216   旧书回溯/ [索取号:F239/179] 在馆    
12 2000007217   2000007217   旧书回溯/ [索取号:F239/179] 在馆    
13 2000007218   2000007218   旧书回溯/ [索取号:F239/179] 在馆    
14 2000007219   2000007219   旧书回溯/ [索取号:F239/179] 在馆    
15 2000007220   2000007220   旧书回溯/ [索取号:F239/179] 在馆    
16 2000007221   2000007221   旧书回溯/ [索取号:F239/179] 在馆    
17 2000015355   2000015355   旧书回溯/ [索取号:F239/179] 在馆    
18 2000015356   2000015356   旧书回溯/ [索取号:F239/179] 在馆    
19 2000015357   2000015357   旧书回溯/ [索取号:F239/179] 在馆    
20 2000015358   2000015358   旧书回溯/ [索取号:F239/179] 在馆    
21 2000015359   2000015359   旧书回溯/ [索取号:F239/179] 在馆    
22 2000015360   2000015360   旧书回溯/ [索取号:F239/179] 在馆    
23 2000015361   2000015361   旧书回溯/ [索取号:F239/179] 在馆    
24 2000023109   2000023109   旧书回溯/ [索取号:F239/179] 在馆    
25 2000023110   2000023110   旧书回溯/ [索取号:F239/179] 在馆    
26 2000023111   2000023111   旧书回溯/ [索取号:F239/179] 在馆    
27 2000130492   2000130492   旧书回溯/ [索取号:F239/179] 在馆    
28 2000130536   2000130536   旧书回溯/ [索取号:F239/179] 在馆    
29 2000130537   2000130537   旧书回溯/ [索取号:F239/179] 在馆    
山东省滨州职业学院图书馆 欢迎您!
大连网信软件有限公司© 版权所有